| АИС "Историко-культурное наследие Беларуси" | ||
| Базовый | Расширенный | Профессиональный | Словарь персоналий | Тематический словарь | По видам объектов | История запросов Заказы | Регистрация | |
Запись в MARC-формате
| копировать MARC-запись |
=LDR 00000nx\\c2200205\\\45\\
=001 BY-NLB-ar1718045
=005 20160330095625.2
=100 \\$a20100821arusy50\\\\\\ca0
=152 \\$apsbo
=160 \\$ae-bw
=215 \\$aКостел Наисвятейшей Девы Марии (Репля, агрогородок; Волковысский район)
=300 1\$aВозведен в 1902–1909 гг. из кирпича на месте деревянного костела 1732 г. постройки. Памятник архитектуры неоготики.
=356 \\$aРасположен в восточной части агрогородка Репля Волковысского района Гродненской области.
=415 \\$aРеплевский костел Марии
=515 \\$5w$3BY-NLB-ar1718048$aКасцёл Найсвяцейшай Дзевы Марыі (Рэпля, аграгарадок; Ваўкавыскі раён)
=801 \0$aBY$bBY-HM0000$c20100821
=810 \\$aКаталіцкія храмы Беларусі / А. М. Кулагін. — Мінск, 2008.
=810 \\$aРеспублика Беларусь : энциклопедия. [В 7 т.]. Т. 6. — Минск, 2008.
=999 \\$f40$t20100821
=999 \\$h1848$t20100904
Чтобы вернуться назад, щелкните кнопку BACK на Вашем браузере